| 000 | 00522nas a2200205 a 4500 | ||
|---|---|---|---|
| 001 | 000037413 | ||
| 003 | DLC | ||
| 005 | 20241008120038.0 | ||
| 008 | 120409c20119999dr mr1pdd 0 0spa d | ||
| 022 | _a18133991 | ||
| 040 |
_aDO-SdBNP _bspa _cDO-SdBNP _erda |
||
| 043 | _anwdr | ||
| 245 | 0 | 0 | _aGlobal. |
| 260 |
_aSanto Domingo : _bFundación Global, _c2011. |
||
| 300 |
_av. ; _c30 cm. |
||
| 310 | _aMensual | ||
| 362 | _aVol. 8 No. 40 (Mayo/Junio 2011) | ||
| 651 | 4 |
_aRepública Dominicana _910483 |
|
| 942 |
_2ddc _cISSUE |
||
| 999 |
_c36903 _d36903 |
||